| 000 | 00796nam a2200265Ia 4500 | ||
|---|---|---|---|
| 003 | GCL | ||
| 008 | 140319s9999 xx 000 0 ara d | ||
| 040 |
_aGCL / _cGCL |
||
| 082 | 0 | 4 |
_aق _b301.2 _bس م |
| 100 | 1 | _aسليمان حزين | |
| 245 | 1 | 0 |
_aمستقبل الثقافة فى مصر العربية / _cسليمان حزين |
| 260 |
_a[S.N] : _bدار الشروق ، _c1994 |
||
| 300 | _a532 ص | ||
| 490 | _a | ||
| 650 | 0 | 4 | _aمصر |
| 650 | 0 | 4 | _aالتعليم |
| 650 | 0 | 4 | _aالحضارة |
| 650 | 0 | 4 | _aالثقافة الاسلامية |
| 650 | 0 | 4 | _aالثقافة |
| 650 | 0 | 4 | _aالحضارة الفرعونية |
| 650 | 0 | 4 | _aالتغير الاجتماعى |
| 650 | 0 | 4 | _aالتبادل الثقافى |
| 650 | 0 | 4 | _aالثقافة المصرية |
| 942 |
_2ddc _cBK |
||
| 999 |
_c32018 _d32018 |
||